00450nam a2200145Ia 4500100001400000942000700014654003500021245003500056260003500091082001100126300000800137546001200145999001700157952013000174 aBallaney  cBK aRefregeration & airconditining aRefregeration & airconditining bKhanna publishersaDelhic1979 a621.56 a791 aENGLISH c25508d25508 001040708AFTaCRCEbCRCEc1503 | 73d2023-03-17eUBSg27.50iT-352l0o621.56 pAFT2553r2023-03-17v27.50w2023-03-17yBK